Diderot /

Spremljeno u:
Bibliografski detalji
Glavni autor: Wilson, Arthur M.
Format: Knjiga
Jezik:engleski
Izdano: New York : Oxford, c1972.
Teme:
Oznake: Dodaj oznaku
Bez oznaka, Budi prvi tko označuje ovaj zapis!

MARC

LEADER 00000cam a22000002a 4500
001 0000005676
003 DAYSTAR
005 20171002014353.0
008 030703s1972 nyu 001 0 eng d
040 |a Daystar 
040 |d Nmicheni 
050 0 0 |a PQ1979  |b .W52 
100 1 |a Wilson, Arthur M. 
245 1 0 |a Diderot /  |c Arthur M. Wilson. 
260 |a New York :  |b Oxford,  |c c1972. 
300 |a xviii, 917 p. 
650 0 |a Diderot, Denis, 1713-1783. 
908 |a 060412 
942 |c G 
952 |0 0  |1 0  |4 0  |6 PQ_1979_000000000000000_W52  |7 0  |9 1356  |a DUA  |b DUA  |c GC  |d 2017-09-28  |l 0  |o PQ1979.W52  |p BK017878  |r 2017-09-28 00:00:00  |w 2017-09-28  |x 40836  |y G 
999 |c 901  |d 901